Call of Duty League 2026 Teams - Statistiques

Statistiques générales
  • Ce quiz a été pris 57 fois
  • Le résultat moyen est 8 sur 12
Statistiques - réponses
Par images Réponse % Correct
Boston Breach
83%
Paris Gentle Mates
83%
LA Thieves / Los Angeles Thieves
80%
Toronto KOI
78%
Miami Heretics
70%
FaZe Vegas
67%
Vancouver Surge
63%
OpTic Texas
61%
Cloud9 New York
57%
Carolina Royal Ravens
43%
G2 Minnesota
37%
Riyadh Falcons
33%
Aucun quiz correspondant
Distribution des résultats
% des personnes avec chaque résultat
Percentile par nombre de réponses
Votre historique - résultats
Vous n’avez pas pris ce quiz